000 00754cam a2200265 a 4500
001 000009378
005 20200929161555.0
008 980327s1997 sp a 000 0 spa
010 _a98131825
020 _a8420479071
035 _a(OCoLC)38180473
040 _aDO-SdBNP
_cDLC
_dBNPHU
082 _a864.64
_bR618p, 1998
100 1 _aRivas, Manuel,
_d1957-
_922745
245 1 3 _aEl periodismo es un cuento /
_cManuel Rivas.
250 _a2a ed.
260 _aMadrid :
_bAlfaguara,
_cc1997.
300 _a351 p. :
_bill. ;
_c23 cm.
490 1 _aTextos de escritor
650 4 _aEnsayos españoles
_93095
650 4 _aLiteratura española
_9632
830 0 _aTextos de escritor
_913049
910 _aCatalogación por copia / LC
049 _aBNGR
999 _c9138
_d9138